| 000 | 00479nam a2200205Ia 4500 | ||
|---|---|---|---|
| 005 | 20250425162703.0 | ||
| 008 | 250425s9999 xx 000 0 und d | ||
| 041 | _aspa | ||
| 043 | _acr | ||
| 082 | _a597.016 | ||
| 245 | 0 | _a1ER SIMPOSIO CENTROAMERICANO SOBRE CULTIVO DE TILAPIA | |
| 250 | _aS.E | ||
| 260 |
_aCosta Rica _bPRADEPESCA _c1995 |
||
| 260 | _aSAN JOSE | ||
| 300 | _a180 | ||
| 650 | _aTILAPIA | ||
| 650 | _aTILAPIA-CULTIVO | ||
| 942 | _c01 | ||
| 010 | _a96817 | ||
| 999 |
_c234365 _d234365 |
||